| 000 | 02556nam a2200577 i 4500 | ||
|---|---|---|---|
| 001 | in503329126 | ||
| 003 | Ingram | ||
| 005 | 20250430173424.0 | ||
| 008 | 240604s2024 nyua c 6 000 0 eng d | ||
| 020 |
_a9780593808788 _q(paperback) |
||
| 020 |
_a0593808789 _q(paperback) |
||
| 035 | _a(OCoLC)1423040431 | ||
| 040 |
_aTnLvILS _beng _erda _cTnLvILS _dTnLvILS |
||
| 082 | 0 | 4 |
_a741.5/973 _223/eng/20240917 |
| 092 |
_ajunior graphic _bWard |
||
| 100 |
_aWard, Pendleton, _96544098 |
||
| 245 | 1 | 0 |
_aAdventure time : _bwith Finn & Jake. _pJourney to Ooo / _ccreated by Pendleton Ward. |
| 246 | 3 |
_aAdventure time : _bwith Finn and Jake. _pJourney to Ooo |
|
| 246 | 3 | 0 | _aJourney to Ooo |
| 246 | 1 |
_iAt head of title: _aCN Cartoon Network |
|
| 264 | 1 |
_aNew York : _bRandom House, _c[2024] |
|
| 300 |
_a80 pages : _bcolor illustrations ; _c23 cm |
||
| 336 | _atext | ||
| 336 | _astill image | ||
| 337 | _aunmediated | ||
| 338 | _avolume | ||
| 490 | 1 | _aAdventure time | |
| 490 | 1 | _aScreen comix | |
| 505 | 0 | _aDungeon -- Fionna and Cake. | |
| 520 | _a"Graphic novel-style retellings with full color scenes and dialogue from the action-packed animated series. Follow Finn and Jake on journeys based on two classic episodes of Adventure Time: 'Dungeon' and 'Fionna and Cake.' Can they stop the Ice King's chilling plans and defend the land of Occ?"-- | ||
| 600 | 0 | 0 |
_aJake _c(Fictitious character from Ward) _vComic books, strips, etc _96542074 |
| 600 | 0 | 0 |
_aFinn _c(Fictitious character from Ward) _vComic books, strips, etc. _96542075 |
| 600 | 0 | 1 |
_aJake _c(Fictitious character from Ward) _vFiction. _96542077 |
| 600 | 0 | 1 |
_aFinn _c(Fictitious character from Ward) _vFiction. _96542078 |
| 650 | 0 |
_aImaginary places _vComic books, strips, etc. |
|
| 650 | 0 |
_aAdventure and adventurers _vComic books, strips, etc. _95688301 |
|
| 650 | 0 |
_aComic books, strips, etc. _vUnited States. _96542076 |
|
| 650 | 1 |
_aImaginary places _vFiction. _95676147 |
|
| 650 | 1 |
_aAdventure and adventurers _vFiction. _9102533 |
|
| 650 | 1 | _aCartoons and comics. | |
| 655 | 7 |
_aFantasy comics. _2lcgft |
|
| 655 | 7 |
_aHumorous comics. _2lcgft _95716565 |
|
| 655 | 7 |
_aGraphic novel adaptations. _2lcgft _95803233 |
|
| 655 | 7 |
_aComics (Graphic works) _2lcgft _95689343 |
|
| 655 | 7 |
_aGraphic novels. _2lcgft |
|
| 710 | 2 |
_aCartoon Network (Television network) _976217 |
|
| 730 | 0 | 2 | _aAdventure time (Television program) |
| 830 | 0 |
_aAdventure time. _96542079 |
|
| 830 | 0 |
_aScreen comix. _96477209 |
|
| 942 |
_2ddc _cBOOK |
||
| 999 |
_c406341 _d406341 |
||